| 000 | 00494nam a2200145Ia 4500 | ||
|---|---|---|---|
| 008 | 190813s9999 xx 000 0 und d | ||
| 020 | _a9781138818682 | ||
| 100 | _aGherovici, Patricia. | ||
| 245 |
_cPatricia Gherovici.-- _aTransgender psychoanalysis : _ba Lacanian perspective on sexual difference / |
||
| 260 |
_aNew York : _bRoutledge _c2017 |
||
| 300 | _a187 pages. | ||
| 500 | _aIncluded bibliographical references and index. | ||
| 650 | _aPsychoanalysis. | ||
| 650 | _aTransgender people. | ||
| 999 |
_c362052 _d362052 |
||